000 00577nam a2200193Ia 4500
003 GCL
008 140319s9999 xx 000 0 ara d
040 _aGCL /
_cGCL
082 0 4 _a818.03
_bم ف
100 1 _aصفية محمود
245 1 0 _aفجر بعد الليل /
_cصفية محمود
260 _aالقاهرة :
_bالمجلس الاعلى للثقافة ،
_c1988
300 _a2290 ص ؛
_c22 سم
490 _a
650 0 4 _aالادب العربى
650 0 4 _aالقصص العربية
650 0 4 _aالمذكرات الادبية
942 _2ddc
_cBK
999 _c55837
_d55837